Suchoňove návštevy a jeho hudba v Košiciach

Bibliographic Details
Main Author: Bukovinská, Júlia, 1956- (Author)
Format: Article
Language:Slovak
PhysicalDescription:Fotogr.
ISBN:9788096956821
Subjects:

MARC

LEADER 00000naa a2200000 ar4500
001 vtls009941741
003 SK-MaSNL
005 20260302100117.0
008 090820|2008 xo |||||||||||1|| b|slo
015 |a SNBRA2009/08  |2 snkbucl 
038 |a SNKBUCL 
040 |a SNKBUCL  |b slo  |e AACR2  |c SNKBUCL 
041 0 |a slo 
044 |a xo  |c SK 
080 |a 78.071.1  |2 2001 
080 |a 929 Suchoň, Eugen  |2 2001 
100 1 |a Bukovinská, Júlia,  |d 1956-  |4 aut  |9 169562 
245 1 0 |a Suchoňove návštevy a jeho hudba v Košiciach  |c Júlia Bukovinská 
300 |b Fotogr. 
600 1 7 |a Suchoň, Eugen,  |d 1908-1993  |2 snkbucl  |9 107916 
651 7 |a Košice (Slovensko)  |2 snkbucl  |9 18694 
655 7 |a referáty  |2 snkbucl  |9 70611 
773 0 |t Estetické klenoty hudobného odkazu Eugena Suchoňa  |d Košice : Hudobná spoločnosť Hemerkovcov, 2008  |g S. 5-14  |z 9788096956821 
852 |a SNK  |b KIS3GCP 
958 |a BX 
999 |c 1219220  |d 1221150